000
00210 a2200097 4500
001
51105
100
_a
Bent, R D
245
_a
Aircraft Power Plants
260
_a
Newyork
_b
McGraw-Hil
_c
090
_c
32365
_d
32365
942
_a
NUST-CAE
_c
M
_c
24853
999
_c
286178
_d
286178